Lectures on international trade / (Record no. 182995)

MARC details
000 -LEADER
fixed length control field 00943namaa2200301 a 4500
001 - CONTROL NUMBER
control field vtls000176249
003 - CONTROL NUMBER IDENTIFIER
control field NLI
005 - DATE AND TIME OF LATEST TRANSACTION
control field 20210602105841.0
008 - FIXED-LENGTH DATA ELEMENTS--GENERAL INFORMATION
fixed length control field 101125s1983 maua 001 0 eng
020 ## - INTERNATIONAL STANDARD BOOK NUMBER
International Standard Book Number 0262021854 :
Terms of availability USD 28.69
039 #9 - LEVEL OF BIBLIOGRAPHIC CONTROL AND CODING DETAIL [OBSOLETE]
-- 201011252133
-- VLOAD
040 ## - CATALOGING SOURCE
Original cataloging agency NLI
Transcribing agency VTLS-2010
Description conventions AACR2
041 0# - LANGUAGE CODE
Language code of text/sound track or separate title eng
082 04 - DEWEY DECIMAL CLASSIFICATION NUMBER
Classification number 382
100 1# - MAIN ENTRY--PERSONAL NAME
Personal name Bhagwati, Jagdish N.,
Dates associated with a name 1934-
9 (RLIN) 335844
245 10 - TITLE STATEMENT
Title Lectures on international trade /
Statement of responsibility, etc. Jagdish N. Bhagwati and T.N. Srinivasan
260 ## - PUBLICATION, DISTRIBUTION, ETC.
Place of publication, distribution, etc. Cambridge, Mass. :
Name of publisher, distributor, etc. MIT Press,
Date of publication, distribution, etc. c1983
300 ## - PHYSICAL DESCRIPTION
Extent xi, 414 p. :
Other physical details ill. ;
Dimensions 24 cm.
504 ## - BIBLIOGRAPHY, ETC. NOTE
Bibliography, etc. note Includes bibliographies and index
650 #0 - SUBJECT ADDED ENTRY--TOPICAL TERM
Topical term or geographic name entry element International trade
9 (RLIN) 5607
650 #0 - SUBJECT ADDED ENTRY--TOPICAL TERM
Topical term or geographic name entry element Commercial policy
9 (RLIN) 193271
700 1# - ADDED ENTRY--PERSONAL NAME
Personal name Srinivasan, T. N.,
Dates associated with a name 1933-
Relationship jt. aut
9 (RLIN) 345777
887 ## - NON-MARC INFORMATION FIELD
Content of non-MARC field
901 ## - LOCAL DATA ELEMENT A, LDA (RLIN)
a 483298
b 2.4.85
902 ## - LOCAL DATA ELEMENT B, LDB (RLIN)
a E 382 B 469 a
942 ## - ADDED ENTRY ELEMENTS (KOHA)
Source of classification or shelving scheme Dewey Decimal Classification
Koha item type Books
949 ## - LOCAL PROCESSING INFORMATION (OCLC)
-- VIRTUAITEM
-- 10000
-- 100
6 PUR000483298ENG
Holdings
Withdrawn status Lost status Damaged status Not for loan Collection code Home library Current library Shelving location Date acquired Total Checkouts Full call number Barcode Date last seen Price effective from Koha item type
        New English National Library of India National Library of India New English - Main Stack Division     E 382 B 469 a PUR000483298ENG 02/06/2021 02/06/2021 Books
                                                                           
web counter

Copyright ©2020 The National Library of India, Govt. of India ↔ Hosted by NVLI, MOC ↔ Technology and Design by National Library of India, Ministry of Culture, Govt. of India